| 000 | 00528nam a2200193Ia 4500 | ||
|---|---|---|---|
| 001 | 73607 | ||
| 008 | 160804s9999||||xx |||||||||||||| ||und|| | ||
| 020 | _a9780521196956 | ||
| 040 | _cPK-LaUMT | ||
| 082 |
_a 612.6 _bPRI- |
||
| 100 | _aDonez, Jacques | ||
| 245 |
_aPrinciples and practice of fertility preservation/ _cDonez, Jacques|Kim, S. Samuel |
||
| 260 |
_aCambridge: _bCambridge University Press, _c2011 |
||
| 300 | _a517 p. | ||
| 546 | _aEN | ||
| 650 | _aHuman reproduction | ||
| 700 | _aKim, S. Samuel | ||
| 942 | _cBK | ||
| 999 |
_c86751 _d86751 |
||